000
00208 a2200097 4500
001
7102
100
_a
Bahl, B.S
245
_a
Essentials of physical chemistry
260
_a
_b
S Chand
_c
090
_c
5872
_d
5872
942
_a
NUST-CAE
_c
M
_c
32347
999
_c
242175
_d
242175